书目信息 |
| 题名: |
名师语文课
|
|
| 作者: | 顾之川 主编 | |
| 分册: | 小学卷 | |
| 出版信息: | 济南 山东教育出版社 2019.03 |
|
| 页数: | 663页 | |
| 开本: | 24cm | |
| 丛书名: | ||
| 单 册: | ||
| 中图分类: | G623.203 | |
| 科图分类: | ||
| 主题词: | 小学语文课--xiao xue yu wen ke--教学参考资料 | |
| 电子资源: | ||
| ISBN: | 978-7-5701-0452-9 | |
| 000 | 00788nam0 2200229 450 | |
| 001 | 0109110014 | |
| 005 | 20201109110331.0 | |
| 010 | @a978-7-5701-0452-9@dCNY93.00 | |
| 100 | @a20190515d2019 em y0chiy50 ea | |
| 101 | 0 | @achi |
| 102 | @aCN@b370000 | |
| 105 | @aa z 000yy | |
| 106 | @ar | |
| 200 | 1 | @a名师语文课@Aming shi yu wen ke@i小学卷@f顾之川主编 |
| 210 | @a济南@c山东教育出版社@d2019.03 | |
| 215 | @a663页@c照片@d24cm | |
| 330 | @a本书分阅读教学、写作教学、专题教学三编。阅读教学编对古诗文、小说、现代散文、现代诗歌进行讲解;写作教学编和专题教学编列举了案例进行分析讲解。 | |
| 606 | 0 | @a小学语文课@Axiao xue yu wen ke@j教学参考资料 |
| 690 | @aG623.203@v5 | |
| 701 | 0 | @a顾之川@Agu zhi chuan@4主编 |
| 801 | 0 | @aCN@bBJSZM@c20201103 |
| 905 | @b1263386-90@dG623.203@e1227@f5 | |
| 名师语文课.小学卷/顾之川主编.-济南:山东教育出版社,2019.03 |
| 663页:照片;24cm |
| ISBN 978-7-5701-0452-9:CNY93.00 |
| 本书分阅读教学、写作教学、专题教学三编。阅读教学编对古诗文、小说、现代散文、现代诗歌进行讲解;写作教学编和专题教学编列举了案例进行分析讲解。 |
| ● |
| 相关链接 |
|
|
|
|
正题名:名师语文课
索取号:G623.203/1227
 
预约/预借
| 序号 | 登录号 | 条形码 | 馆藏地/架位号 | 状态 | 备注 |
| 1 | 1263387 | 212633872 | 第一样本阅览室/ [索取号:G623.203/1227] | 在馆 | |
| 2 | 1263388 | 212633881 | 教育系资料室/ [索取号:G623.203/1227] | 在馆 | |
| 3 | 1263389 | 212633890 | 教育系资料室/ [索取号:G623.203/1227] | 在馆 | |
| 4 | 1263390 | 212633907 | 第四借阅区/ [索取号:G623.203/1227] | 在馆 |